| 000 | 00474nam a22001697a 4500 | ||
|---|---|---|---|
| 003 | NUST | ||
| 005 | 20260514155744.0 | ||
| 008 | 260514b ||||| |||| 00| 0 eng d | ||
| 020 | _a978-0-19-579806-6 | ||
| 082 |
_a954.91 _bSAF |
||
| 100 |
_aSafdar Mahmood _99778 |
||
| 245 |
_aPakistan Political Roots and Development / _cSafdar Mahmood. |
||
| 260 |
_aNew York: _bOxford University Press, _c2003. |
||
| 300 |
_a440 p ; _c26.00 cm |
||
| 563 | _aHardcover | ||
| 942 |
_2ddc _cBK |
||
| 999 |
_c617472 _d617472 |
||